000 00718cam a22002533a 4500
001 8430
003 PGUSA
005 20140828083156.0
008 050701s2005||||xxu|||||s|||||000 1 eng d
040 _aPGUSA
_beng
042 _adc
050 4 _aPR
100 1 _aLocke, William John,
_d1863-1930
245 1 4 _aThe Mountebank
_h[electronic resource] /
_cWilliam John Locke
260 _bProject Gutenberg,
_c2005
506 _aPublic domain in the USA.
516 _aElectronic text
653 _aCircus -- Fiction
653 _aWorld War, 1914-1918 -- Veterans -- Fiction
653 _aClowns -- Fiction
830 0 _aProject Gutenberg
_v8430
856 4 0 _uhttp://www.gutenberg.org/ebooks/8430
942 _cEB
999 _c237730
_d237730